| Поле | Название | Значение |
| |
Тип записи |
a |
| |
Библиографический уровень |
m |
| 001 |
Контрольный номер |
UONB/MAIN/62a40433e268484182e929e104944cc2 |
| 005 |
Дата корректировки |
20260512114544.9 |
| 010 |
Индекс ISBN |
__ |
| b |
Уточнения |
в пер. |
| 9 |
Тираж |
5700 экз. |
| 100 |
Данные общей обработки |
__ |
| a |
Данные общей обработки |
20260512d1983 u y0rusy0189 ca |
| 101 |
Язык документа |
0_ |
| a |
Язык текста |
rus |
| 102 |
Страна публикации |
__ |
| a |
Страна публикации |
RU |
| 105 |
Кодированные данные (монография) |
__ |
| a |
Кодированные данные (монография) |
a z 001yy |
| 200 |
Заглавие и сведения об ответственности |
1_ |
| a |
Заглавие |
Фармакологическая защита трансплантата |
| f |
Первые сведения об ответственности |
В. И. Шумаков, Н. А. Онищенко, В. И. Кирпатовский |
| 203 |
Вид содержания и тип средства |
__ |
| a |
Вид содержания |
Текст |
| b |
Характеристика содержания |
визуальный |
| c |
Тип средства |
непосредственный |
| 210 |
Выходные данные |
1_ |
| a |
Место издания |
Москва |
| c |
Издательство |
Медицина |
| d |
Дата издания |
1983 |
| 215 |
Физическое описание |
__ |
| a |
Объем |
231 с. |
| c |
Иллюстрации/тип воспроизводства |
ил. |
| d |
Формат |
21 см |
| 320 |
Библиография |
__ |
| a |
Библиография |
Библиогр.: с. 221-230 и библиогр. в конце разделов |
| 606 |
Тематические рубрики |
0_ |
| a |
Основная рубрика |
Органы |
| x |
Основная подрубрика |
Пересадка |
| 606 |
Тематические рубрики |
0_ |
| a |
Основная рубрика |
Ткани (биол.) |
| x |
Основная подрубрика |
Пересадка |
| 606 |
Тематические рубрики |
0_ |
| a |
Основная рубрика |
Тканевая совместимость |
| x |
Основная подрубрика |
Действие лекарственных веществ биопрепаратов и ядов |
| 610 |
Ключевые слова |
0_ |
| a |
Ключевые слова |
органы; пересадка органов; трансплантология; трансплантация органов; действие лекарственных веществ биопрепаратов и ядов; тканевая совместимость; защита трансплантата; трансплантаты; фармакологическая защита трансплантата |
| 675 |
Индекс УДК |
__ |
| a |
Индекс УДК |
615.022.1 |
| 686 |
Индексы других классификаций |
__ |
| a |
Классификационный индекс |
52.522.21 |
| 2 |
Код системы |
rubbk |
| 700 |
Автор |
_1 |
| a |
Фамилия |
Шумаков |
| b |
Имя (инициалы) |
В. И. |
| g |
Полное личное имя |
Валерий Иванович |
| 4 |
Код отношения |
070 |
| 701 |
Альтернативная интеллектуальная ответственность |
_1 |
| a |
Фамилия |
Онищенко |
| b |
Имя (инициалы) |
Н. А. |
| g |
Полное личное имя |
Нина Андреевна |
| 4 |
Код отношения |
070 |
| 701 |
Альтернативная интеллектуальная ответственность |
_1 |
| a |
Фамилия |
Кирпатовский |
| b |
Имя (инициалы) |
В. И. |
| g |
Полное личное имя |
Владимир Игоревич |
| 4 |
Код отношения |
070 |
| 801 |
Источник записи |
_0 |
| a |
Страна |
RU |
| b |
Организация |
Ульяновская ОНБ |
| c |
Дата составления |
20260512 |
| g |
Правила каталогизации |
RCR |
| 801 |
Источник записи |
_1 |
| a |
Страна |
RU |
| b |
Организация |
Ульяновская ОНБ |
| c |
Дата составления |
20260512 |
| g |
Правила каталогизации |
RCR |
| 901 |
Тип документа |
__ |
| t |
Тип документа |
m |
| 909 |
Создатель записи |
__ |
| a |
Создатель записи |
Цуканова |
| b |
Дата создания записи |
20260512 |